Handbook of coping : (Record no. 25745)
[ view plain ]
| 000 -LEADER | |
|---|---|
| fixed length control field | 00885cam a22002655a 4500 |
| 001 - CONTROL NUMBER | |
| control field | 1142448 |
| 005 - DATE AND TIME OF LATEST TRANSACTION | |
| control field | 20201128024213.0 |
| 008 - FIXED-LENGTH DATA ELEMENTS--GENERAL INFORMATION | |
| fixed length control field | 950320t1996 nyua frb 001 0 eng d |
| 020 ## - INTERNATIONAL STANDARD BOOK NUMBER | |
| International Standard Book Number | 0471599468 |
| 020 ## - INTERNATIONAL STANDARD BOOK NUMBER | |
| International Standard Book Number | 9780471599463 |
| 040 ## - CATALOGING SOURCE | |
| Original cataloging agency | DLC |
| Transcribing agency | DLC |
| Modifying agency | DLC |
| -- | EG-ScBUE |
| Language of cataloging | eng |
| 082 04 - DEWEY DECIMAL CLASSIFICATION NUMBER | |
| Classification number | 155.24 |
| Edition number | 22 |
| Item number | HAN |
| 245 00 - TITLE STATEMENT | |
| Title | Handbook of coping : |
| Remainder of title | theory, research, applications / |
| Statement of responsibility, etc | edited by Moshe Zeidner and Norman S. Endler. |
| 260 ## - PUBLICATION, DISTRIBUTION, ETC. (IMPRINT) | |
| Place of publication, distribution, etc | New York : |
| Name of publisher, distributor, etc | Wiley & Sons, |
| Date of publication, distribution, etc | c.1996. |
| 300 ## - PHYSICAL DESCRIPTION | |
| Extent | xxi, 728 p. : |
| Other physical details | ill. ; |
| Dimensions | 24 cm. |
| 504 ## - BIBLIOGRAPHY, ETC. NOTE | |
| Bibliography, etc | Includes bibliographical references and indexes. |
| 650 #7 - SUBJECT ADDED ENTRY--TOPICAL TERM | |
| Topical term or geographic name as entry element | Adjustment (Psychology) |
| Source of heading or term | BUEsh |
| 650 #7 - SUBJECT ADDED ENTRY--TOPICAL TERM | |
| Topical term or geographic name as entry element | Stress (Psychology) |
| Source of heading or term | BUEsh |
| 9 (RLIN) | 937 |
| 650 #7 - SUBJECT ADDED ENTRY--TOPICAL TERM | |
| Topical term or geographic name as entry element | Adaptability (Psychology) |
| Source of heading or term | BUEsh |
| 651 ## - SUBJECT ADDED ENTRY--GEOGRAPHIC NAME | |
| Source of heading or term | BUEsh |
| 653 ## - INDEX TERM--UNCONTROLLED | |
| Resource For college | |
| Arrived date list | December2017 |
| 700 1# - ADDED ENTRY--PERSONAL NAME | |
| Personal name | Zeidner, Moshe, |
| Relator term | editor. |
| 700 1# - ADDED ENTRY--PERSONAL NAME | |
| Personal name | Endler, Norman S., |
| Dates associated with a name | 1931- |
| Relator term | editor. |
| 942 ## - ADDED ENTRY ELEMENTS (KOHA) | |
| Source of classification or shelving scheme | Dewey Decimal Classification |
| Withdrawn status | Item status | Source of classification or shelving scheme | Damaged status | Not for loan | Home library | Current library | Shelving location | Date acquired | Total Checkouts | Full call number | Barcode | Date last seen | Koha item type |
|---|---|---|---|---|---|---|---|---|---|---|---|---|---|
| Dewey Decimal Classification | Central Library | Central Library | Lower Floor | 19/12/2017 | 155.24 HAN | 000046940 | 15/07/2025 | Book - Borrowing |